| 000 | 00000nam##2200000za#4500 |
| 001 | 9.641205 |
| 003 | CaOODSP |
| 005 | 20250403105357 |
| 007 | cr ||||||||||| |
| 008 | 150407|1992||||xxc|||||o f|0| 0 fre|d |
| 040 | |aCaOODSP|bfre |
| 043 | |an-cn--- |
| 086 | 1 |aCS92-F0077/1992F-PDF |
| 245 | 00|aGuide interactif complet de la géographie - guide de l'utilisateur |h[ressource électronique] |
| 260 | |aOttawa - Ontario : |bStatistique Canada |c1992. |
| 500 | |aPublication du recensement historique numérisé par Statistique Canada. |
| 590 | |a13-04-Supp|b2013-02-13 |
| 691 | 07|aGéographie|2gcpds |
| 691 | 07|aRecensement|2gcpds |
| 710 | 2 |aStatistique Canada. |
| 775 | 08|tComplete online guide to geography - user guide |w(CaOODSP)9.697137 |
| 856 | 40|ahttp://publications.gc.ca|qPDF|s282 Ko|uhttps://publications.gc.ca/collections/collection_2013/statcan/rh-hc/CS92-F0077-1992-fra.pdf |